| 000 | 00845nam a2200253Ia 4500 | ||
|---|---|---|---|
| 003 | OSt | ||
| 005 | 20221005112850.0 | ||
| 006 | a|||||r|||| 00| 0 | ||
| 007 | ta | ||
| 008 | 221004b |||||||| |||| 00| 0 pan d | ||
| 020 |
_a8181380231 (hbk) _c140 |
||
| 024 | _a11547 | ||
| 037 |
_b839, 20/03/2014, H.K. Prakashan _cTextual |
||
| 040 |
_aCRL _cCRL _bpan |
||
| 041 |
_2pan _apan |
||
| 082 | _aP153, 153P6 | ||
| 100 |
_aਉFਮਾ, ਥਦ. _9158190 |
||
| 245 | 0 | _aਗੁਲਵੰਤ ਖ਼ਾਰਿਫ਼ ਦਾ ਭਾFਾ ਚਿੰਤਨ | |
| 260 |
_aਦਿੱਲੀ _bਐਮ ਪੀ ਪ੍ਰਕਾFਨ ਭਾਰਤ _c2006 |
||
| 300 |
_a110ਪੰ _ccm. |
||
| 650 | _aਪੰਜਾਬੀ ਭਾFਾ | ||
| 942 |
_hP153, 153P6 _cTEXL _2cc |
||
| 999 |
_c1026244 _d1026244 |
||